| 000 | 00744nam a2200217 u 4500 | ||
|---|---|---|---|
| 005 | 20240815063719.0 | ||
| 008 | 080929s2003 ve r 000 0 spa d | ||
| 020 | _a9806406478 | ||
| 035 | _aUPN01000161247 | ||
| 049 | _aCG | ||
| 050 | 4 |
_aQL696 F3.2 _bV5.2 |
|
| 100 | 1 | _aVillarreal, Evelin | |
| 245 | 1 | 0 |
_aAguila harpía : _bla reina de los bosques suramericanos / _cEvelin Villarreal, Luis Fernando Navarrete ; il. Andrés Salazar. |
| 260 |
_aCaracas : _bRayuela, _c2003. |
||
| 300 |
_a35 p. : _bil. col. |
||
| 440 | 0 |
_aEconatura. _pEspecies en extinción |
|
| 650 | 4 |
_aAGUILAS - _vLITERATURA INFANTIL _912505 |
|
| 650 | 4 |
_aAnimales _xHábitos y comportamiento _91059 |
|
| 700 | 1 |
_aNavarrete, Luis Fernando, _ecoaut. _936387 |
|
| 905 | _aLibro | ||
| 999 |
_c133360 _d133360 |
||